Mechanics of Machines (Record no. 14882)

000 -LEADER
fixed length control field 00503nam a22001937a 4500
003 - CONTROL NUMBER IDENTIFIER
control field PK-NaQUE
005 - DATE AND TIME OF LATEST TRANSACTION
control field 20250924102731.0
008 - FIXED-LENGTH DATA ELEMENTS--GENERAL INFORMATION
fixed length control field 250924b ||||| |||| 00| 0 eng d
040 ## - CATALOGING SOURCE
Transcribing agency QUEST
082 ## - DEWEY DECIMAL CLASSIFICATION NUMBER
Classification number 621.81RYD
100 ## - MAIN ENTRY--PERSONAL NAME
Personal name Ryder, G H
245 ## - TITLE STATEMENT
Title Mechanics of Machines
260 ## - PUBLICATION, DISTRIBUTION, ETC. (IMPRINT)
Place of publication, distribution, etc London:
Name of publisher, distributor, etc ECBS,
Date of publication, distribution, etc 1975.
300 ## - PHYSICAL DESCRIPTION
Extent 227p. ;
650 ## - SUBJECT ADDED ENTRY--TOPICAL TERM
Topical term or geographic name as entry element Mechanics of Materials
700 ## - ADDED ENTRY--PERSONAL NAME
Personal name Bennett, M D
856 ## - ELECTRONIC LOCATION AND ACCESS
Uniform Resource Identifier http://10.10.170.122:8080/browse/book/28490
Link text Download eBook
942 ## - ADDED ENTRY ELEMENTS (KOHA)
Koha item type Books
Source of classification or shelving scheme
Holdings
Withdrawn status Lost status Damaged status Not for loan Collection code Permanent Location Current Location Date acquired Cost, normal purchase price Full call number Barcode Date last seen Koha item type Price effective from
          Central Library, QUEST, Nawabshah Central Library, QUEST, Nawabshah 2015-08-10 63.00 621.81RYD 10445 2025-09-24 Books 2025-09-24
          Central Library, QUEST, Nawabshah Central Library, QUEST, Nawabshah 2015-08-10 63.00 621.81RYD 10446 2025-09-24 Books 2025-09-24
        Reference Reference Section Reference Section 2015-11-30 112.10 621.81RYD (Shelf - 66D) 13638 2015-11-30 Books  
          Seminar Library, Mechanical Engg. Seminar Library, Mechanical Engg. 2015-08-10 63.00 621.81RYD 10400 2025-09-24 Books 2025-09-24
          Seminar Library, Mechanical Engg. Seminar Library, Mechanical Engg. 2015-04-27 57.82 621.81RYD 9613 2025-09-24 Books 2025-09-24
          Central Library, QUEST, Nawabshah Stacks area 2015-11-30 112.10 621.81RYD 13639 2015-11-30 Books  

Copyright © 2018,The QUEST, Nawabshah, Shaheed Benazirabad. All rights reserved
Mr. G. Farooq Channar (Librarian) QUEST, Nawabshah, Sindh, Pakistan 67480.
 Ph#: |   0244-9370381-4 Ext. 2308   Email| lib@quest.edu.pk   Web|  http://www.quest.edu.pk